La racionalidad de la moral: un análisis crítico de los presupuestos morales del comunitarismo

Gespeichert in:
Bibliographische Detailangaben
1. Verfasser: Alvarez, Silvina (VerfasserIn)
Format: Buch
Sprache:Spanisch
Veröffentlicht: Madrid Centro de Estudios Políticos y Constitucionales 2002
Schriftenreihe:El Derecho y la Justicia
Schlagworte:
Tags: Tag hinzufügen
Keine Tags, Fügen Sie den ersten Tag hinzu!

MARC

LEADER 00000nam a2200000 a 4500
001 UCL3724
003 CL-VaPUC
008 031205e20020000SP |||||||||||||||||spa|d
020 |a 8425911885 
082 0 4 |a 171.7  |b ALV  |2 21 
100 0 |a Alvarez, Silvina  |e author  |9 481124 
245 1 3 |a La racionalidad de la moral: un análisis crítico de los presupuestos morales del comunitarismo 
300 |a 393 p 
942 |c BK 
945 |d 20031205 00:00:00  |a cmena 
260 |a Madrid  |b Centro de Estudios Políticos y Constitucionales  |c 2002 
650 0 |a Ética  |9 255099 
650 0 |a Comunidades  |9 337024 
650 0 |a Escuelas filosóficas   |9 266232 
650 0 |a Desarrollo individual   |9 307875 
650 0 |a Desarrollo social  |9 264534 
583 |a last modification  |c 20031205 00:00:00  |k Rodrigo Vera 
490 0 |a El Derecho y la Justicia 
999 |c 306733  |d 306731 
952 |0 0  |1 0  |4 0  |6 171_700000000000000_ALV_2002  |7 0  |8 DER_TF  |9 371994  |a BIBDER  |b BIBDER  |d 2019-11-21  |i 3912957  |l 1  |o 171.7 ALV 2002  |p 3912957  |r 2023-01-25  |s 2020-03-16  |w 2019-11-21  |x Ubicación 4to Piso  |y BK  |z Estos recursos deben solicitarse con anticipación  |k DER